Analýza vplyvu vládnych nákupov bakalárska práca

Enregistré dans:
Détails bibliographiques
Auteur principal: Strapcová, Mária
Collectivité auteur: Fakulta hospodárskej informatiky EU. Katedra operačného výskumu a ekonometrie
Autres auteurs: Szomolányi, Karol, 1976-
Format: Livre
Langue:slovaque
Publié: Bratislava 2011
Tags: Ajouter un tag
Pas de tags, Soyez le premier à ajouter un tag!

MARC

LEADER 00000nbm a2200000 4500
001 0151962
005 20120525085257.4
041 0 |a slo 
044 |a SK 
245 1 0 |a Analýza vplyvu vládnych nákupov  |b bakalárska práca  |c Mária Strapcová ; školiteľ: Karol Szomolányi 
264 1 |a Bratislava  |c 2011 
300 |a 50 s. 
100 1 |a Strapcová, Mária 
700 1 |a Szomolányi, Karol, 1976- 
710 2 |a Fakulta hospodárskej informatiky EU. Katedra operačného výskumu a ekonometrie